000 00429nam a22001217a 4500
020 _a92-64-01016-5
082 _a621.48 POW'O
100 _aOECD NUCLEAR ENERGY AGENCY
_978955
245 _aPOWER FOR RADIOISOTOPS DEUXIEME SYMPOSIUM INTERNATIONAL SUR LENERGIE D ORIGINE RADIO ISOTOPES SECOND INTERNATIONAL SYMPOSIUM ON COMPUTER RENDU AT MADRIT FROM 29 JUNE 1972
260 _aMADRID
_bOECD
_c1972
300 _a986P
942 _cBK
999 _c584026
_d584026